01364cam a2200373 a 4500952015500000999001700155001000900172003000400181005001700185008004100202010001700243020001500260020001800275025002700293035002200320037006300342040001900405042001000424043001200434050002400446082002200470100003700492245007900529260004000608300002700648504006600675520003100741650002700772650002800799650002900827651003900856906004500895942005000940 00102ddc40708SOCIAL SCIENCEaMESbMEScSOCIAL SCIENCEd2019-02-20g350.00l0o305.600954 ZAK/Cp26888r2019-02-20 00:00:00w2019-02-20yBKzGL41R3 c20817d2081713102248OSt20200616101717.0030114s2002 ii b 001 0 eng  a 2002294579 a8179910709 a9788179910702 aI-E-2002-294579; 63-92 a(DLC) 2002294579 bLibrary of Congress -- New Delhi Overseas OfficecRs350.00 aDLCcoclcdDLC alcode aa-ii---00aDS422.C64bZ34 2002 a305.600954bZAK/C aZakaria, Rafiqd1920-2005.9213710aCommunal rage in secular India /cRafiq Zakaria ; foreword by Amartya Sen. aMumbai :bPopular Prakashan,c2002. axxvi, 248 p. ;c23 cm. aIncludes bibliographical references (p. [228]-233) and index. aWith reference to Gujarat. 0aRiotszIndiazGujarat. 0aHinduszIndiazGujarat. 0aMuslimszIndiazGujarat. 0aGujarat (India)xEthnic relations. a7bcbccorigoded3encipf20gy-gencatlg 2ddccBKh305.600954iZAK/Ck305.600954mZAK/C